Stereochemistry : (Record no. 14835)

MARC details
000 -LEADER
fixed length control field 00826nam a22002297i 4500
003 - CONTROL NUMBER IDENTIFIER
control field EG-ScBUE
005 - DATE AND TIME OF LATEST TRANSACTION
control field 20250720113135.0
008 - FIXED-LENGTH DATA ELEMENTS--GENERAL INFORMATION
fixed length control field 101111s1964 enka f b 001 0 eng d
040 ## - CATALOGING SOURCE
Original cataloging agency EG-ScBUE
Language of cataloging eng
Description conventions rda
Transcribing agency EG-ScBUE
Modifying agency EG-ScBUE
082 04 - DEWEY DECIMAL CLASSIFICATION NUMBER
Classification number 541.223
Item number GRU
Edition number 22
100 1# - MAIN ENTRY--PERSONAL NAME
9 (RLIN) 21160
Personal name Grundy, J.
Fuller form of name (Jesse)
Relator term author.
245 10 - TITLE STATEMENT
Title Stereochemistry :
Remainder of title the static principles /
Statement of responsibility, etc J. Grundy, B.Sc., A.R.I.C., lecturer in organic chemistry, Brunel College, London.
264 #1 - PUBLICATION, DISTRIBUTION, ETC. (IMPRINT)
Place of publication, distribution, etc London :
Name of publisher, distributor, etc Butterworths,
Date of publication, distribution, etc 1964.
300 ## - PHYSICAL DESCRIPTION
Extent x, 227 pages :
Other physical details illustrations ;
Dimensions 21 cm
336 ## - CONTENT TYPE
Source rdacontent
Content type term text
Content type code txt
337 ## - MEDIA TYPE
Media type term unmediated
Source rdamedia
Media type code n
338 ## - CARRIER TYPE
Carrier type term volume
Carrier type code nc
Source rdacarrier
504 ## - BIBLIOGRAPHY, ETC. NOTE
Bibliography, etc Includes bibliographical references and index.<br/>
650 #7 - SUBJECT ADDED ENTRY--TOPICAL TERM
9 (RLIN) 21159
Topical term or geographic name as entry element Stereochemistry.
Source of heading or term BUEsh
655 ## - INDEX TERM--GENRE/FORM
Form subdivision Reading book
942 ## - ADDED ENTRY ELEMENTS (KOHA)
Source of classification or shelving scheme Dewey Decimal Classification
Koha item type Book - Borrowing
Holdings
Withdrawn status Lost status Source of classification or shelving scheme Damaged status Not for loan Collection code Home library Current library Shelving location Date acquired Source of acquisition Total Checkouts Full call number Barcode Date last seen Koha item type
    Dewey Decimal Classification     Baccah Central Library Central Library First floor 11/11/2010 Purchase   541.223 GRU 000022538 15/07/2025 Book - Borrowing